000 01118cam a22003377a 4500
003 CHAP
005 20220329133453.0
008 971013s1992 r 00010 d
010 _a6743
011 _a7715
035 _a6939
040 _cCHAP
082 _a551.5
_bH35
100 0 0 _aHall, June D.
_952333
245 1 2 _aA new kind of sharing
_b: why we can't ignore globa environmental change
260 _aOttawa :
_bInternational Development Research Centre,
_c1992
300 _a361 p
590 _aBATCH-UPD
_b10
_c20130110
_lUCH01
_h1339
590 _aBATCH-UPD
_b10
_c20130410
_lUCH01
_h0841
590 _aBATCH-UPD
_b10
_c20130914
_lUCH01
_h0821
590 _aCONVERSION
_b10
_c20130109
_lUCH01
_h1305
650 1 4 _aCambios climáticos.
_917792
650 1 4 _aMedio ambiente
_xContaminación.
_974069
650 1 4 _aMedio ambiente
_xInvestigación.
_974093
650 1 4 _aPolítica ambiental
_xCanadá.
_990423
650 1 4 _aRecursos forestales
_xCanada.
_995038
700 0 _aHanson, Arthur J.
_952590
901 _aBK
942 _cLIBRO
949 _a551.5 H35
_bBC
_cLIBRO
_d33724000240149
_eLIBRO
_h84703
_i6939
_mD
_si
999 _c6743
_d6743